000 00477 a2200169 4500
003 OSt
005 20231216155353.0
008 231216b |||||||| |||| 00| 0 eng d
020 _a8170553547
040 _coclc
082 _a891.433
_bVAS/U
100 _aVashisht, Mahendre
_9429
245 _aUSKI KAHANI /
_cMahindra Vashishta
260 _aNew Delhi:
_bVani Prakashan,
_c1994.
300 _a123p
942 _2ddc
_cBK
_h891.433
_iVAS/U
_k891.433
_mVAS/U
999 _c43449
_d43449